| 000 | 00543nam a22002057a 4500 | ||
|---|---|---|---|
| 999 |
_c2737 _d2737 |
||
| 003 | OSt | ||
| 005 | 20210719082403.0 | ||
| 008 | 210719b ||||| |||| 00| 0 eng d | ||
| 020 | _a9780070385481 | ||
| 020 | _a0070385483 | ||
| 040 | _cALUPE UIVERSITY | ||
| 050 |
_aHF541 _bM29 2012 |
||
| 100 | _a Grewal Dhruv | ||
| 245 | _aMarketing | ||
| 250 | _a Sixth edition | ||
| 260 |
_aNew York, N.Y. _bMcgraw-Hill Education _c2019 |
||
| 300 |
_axii, _b 468 pages _ccolor illustrations _g28 cm |
||
| 700 | _aMichael Levy | ||
| 942 |
_2lcc _cBK _nDO |
||